Statystyki dla Państwa zarażone Covid-19 (5.06.2020)

Kliknij tutaj aby rozwiązać quiz!

Ogólne statystyki

  • Ten quiz został rozwiązany 29 razy
  • Średni wynik to 67 z 215

Statystyki odpowiedzi

Liczba ZarażonychKraj% Poprawnych
1,92 mlnStany Zjednoczone
96%
83,0 tysChiny
92%
25,1 tysPolska
92%
449 tysRosja
84%
234 tysWłochy
80%
152 tysFrancja
76%
184 tysNiemcy
76%
281 tysWielka Brytania
76%
9,49 tysCzechy
72%
287 tysHiszpania
72%
33,5 tysPortugalia
72%
227 tysIndie
68%
17,0 tysJaponia
68%
1,69 tysLitwa
68%
615 tysBrazylia
64%
93,7 tysKanada
64%
105 tysMeksyk
64%
11,8 tysDania
60%
1,91 tysEstonia
60%
1,08 tysŁotwa
60%
8,50 tysNorwegia
60%
1,52 tysSłowacja
60%
1,47 tysSłowenia
60%
41,8 tysSzwecja
60%
167 tysTurcja
60%
7,24 tysAustralia
56%
58,9 tysBelgia
56%
6,94 tysFinlandia
56%
30,9 tysSzwajcaria
56%
25,9 tysUkraina
56%
45,9 tysBiałoruś
52%
2,24 tysChorwacja
52%
11,6 tysKorea Południowa
52%
40,7 tysRepublika Południowej Afryki
52%
19,9 tysRumunia
52%
16,8 tysAustria
48%
2,62 tysBułgaria
48%
164 tysIran
48%
1,50 tysNowa Zelandia
48%
89,2 tysPakistan
48%
11,5 tysSerbia
48%
852Andora
44%
20,1 tysArgentyna
44%
29,7 tysEgipt
44%
29,5 tysIndonezja
44%
25,1 tysIrlandia
44%
1,80 tysIslandia
44%
12,3 tysKazachstan
44%
35,1 tysKolumbia
44%
4,02 tysLuksemburg
44%
99Monako
44%
183 tysPeru
44%
678San Marino
44%
443Tajwan
44%
3,96 tysUzbekistan
44%
12Watykan
44%
3,97 tysWęgry
44%
1,21 tysAlbania
40%
9,83 tysAlgieria
40%
93,1 tysArabia Saudyjska
40%
2,59 tysBośnia i Hercegowina
40%
2,95 tysGrecja
40%
805Gruzja
40%
8,84 tysIrak
40%
2,61 tysMacedonia
40%
8,03 tysMaroko
40%
2,08 tysWenezuela
40%
37,0 tysZjednoczone Emiraty Arabskie
40%
18,9 tysAfganistan
36%
118 tysChile
36%
958Cypr
36%
324Czarnogóra
36%
3,76 tysDemokratyczna Republika Konga
36%
40,9 tysEkwador
36%
20,6 tysFilipiny
36%
8,88 tysGhana
36%
453Jemen
36%
611Kongo
36%
2,11 tysKuba
36%
82Liechtenstein
36%
957Madagaskar
36%
9,01 tysMołdawia
36%
191Mongolia
36%
15,0 tysOman
36%
5,71 tysSudan
36%
4,28 tysTadżykistan
36%
3,10 tysTajlandia
36%
832Urugwaj
36%
6,52 tysAzerbejdżan
32%
12,2 tysBoliwia
32%
6,15 tysGwatemala
32%
63,7 tysKatar
32%
1,19 tysKostaryka
32%
1,46 tysMali
32%
622Malta
32%
1,08 tysParagwaj
32%
1,08 tysTunezja
32%
11,8 tysArmenia
28%
1,63 tysEtiopia
28%
17,5 tysIzrael
28%
592Jamajka
28%
125Kambodża
28%
1,93 tysKirgistan
28%
19Laos
28%
4Lesotho
28%
209Libia
28%
2,63 tysNepal
28%
963Niger
28%
11,5 tysNigeria
28%
4,02 tysSenegal
28%
11Seszele
28%
37,1 tysSingapur
28%
1,79 tysSri Lanka
28%
509Tanzania
28%
328Wietnam
28%
3,26 tysWybrzeże Kości Słoniowej
28%
18Belize
24%
48Bhutan
24%
40Botswana
24%
39Erytrea
24%
300Eswatini
24%
153Gujana
24%
3,99 tysGwinea
24%
2,64 tysHaiti
24%
5,88 tysHonduras
24%
765Jordania
24%
7,39 tysKamerun
24%
29,9 tysKuwejt
24%
1,30 tysLiban
24%
8,26 tysMalezja
24%
236Mjanma
24%
46,9 tysNiderlandy
24%
15,0 tysPanama
24%
8Papua Nowa Gwinea
24%
2,20 tysSomalia
24%
994Sudan Południowy
24%
82Surinam
24%
124Syria
24%
557Uganda
24%
13,2 tysBahrajn
20%
92Barbados
20%
141Brunei
20%
828Czad
20%
18Dominika
20%
18,3 tysDominikana
20%
18Fidżi
20%
26Gambia
20%
23Grenada
20%
13Grenlandia
20%
2,34 tysKenia
20%
784Mauretania
20%
335Mauritius
20%
352Mozambik
20%
25Namibia
20%
1,11 tysNikaragua
20%
502Republika Zielonego Przylądka
20%
410Rwanda
20%
19Saint Lucia
20%
2,84 tysSalwador
20%
914Sierra Leone
20%
465Togo
20%
485Wyspy Świętego Tomasza i Ksiażęca
20%
1,08 tysZambia
20%
86Angola
16%
26Antigua i Barbuda
16%
261Benin
16%
885Burkina Faso
16%
63Burundi
16%
4,05 tysDżibuti
16%
1,33 tysGwinea Bissau
16%
1,30 tysGwinea Równikowa
16%
132Komory
16%
321Liberia
16%
393Malawi
16%
1,87 tysMalediwy
16%
1,28 tysRepublika Środkowoafrykańska
16%
15Saint Kitts i Nevis
16%
26Saint Vincent i Grenadyny
16%
24Timor Wschodni
16%
187Wyspy Owcze
16%
102Bahamy
12%
2,95 tysGabon
12%
173Gibraltar
12%
117Trynidad i Tobago
12%
237Zimbabwe
12%
556Gujana Francuska
8%
60Polinezja Francuska
8%
77Sint Maarten
8%
336Wyspa Man
8%
101Aruba
4%
60,3 tysBangaldesz
4%
21Curacao
4%
162Gwadelupa
4%
11Montserrat
4%
9Sahara Zachodnia
4%
6Saint-Barthelemy
4%
3Anguilla
0%
141Bermudy
0%
8Brytyjskie Wyspy Dziewicze
0%
712Diamond Princess
0%
13Falklandy
0%
7Holandia Karaibska
0%
1,10 tysHong Kong
0%
160Kajmany
0%
2,05 tysMajotta
0%
45Makau
0%
200Matrynika
0%
9MS Zaandam
0%
20Nowa Kaledonia
0%
464Palestine
0%
479Reunion
0%
41Saint Matrin
0%
1Saint Pierre Miquelon
0%
12Turks i Caicos
0%
561Wyspy Normandzkie
0%

Rozkład punktacji

Percentyl według liczby udzielonych odpowiedzi

Procent ludzi z każdym wynikiem

Twoja historia wyników

Nie rozwiązałeś tego quizu